Help yourself to integration / (Record no. 6473)

MARC details
000 -LEADER
fixed length control field 00929nam a2200157 4500
020 ## - INTERNATIONAL STANDARD BOOK NUMBER
ISBN 0582318041
050 ## - CALL NUMBER
Classification number QA161
Item number .N31
100 ## - AUTHOR
Personal name Neill, Hugh
245 ## - TITLE
Title Help yourself to integration /
Statement of responsibility, etc Hugh Neill
260 ## - PUBLICATION INFORMATION
Place of publication England
Name of publisher Addison Wesley Longmann
Year of publication 1997
300 ## - DESCRIPTION
Number of Pages iii, 91p. :
Dimensions 20cm
500 ## - NOTES
General note Includes index
505 ## - FORMATTED CONTENTS NOTE
Table of Content Chapter 1. How to use this book <br/>Chapter 2. Integrating powers and polynomials <br/>Chapter 3. Finding the constant<br/>Chapter 4. Kinematics <br/>Chapter 5. Calculating area<br/>Chapter 6. Volumes of revolution <br/>Chapter 7. Using standard forms to integrate <br/>Chapter 8. Some special integrals <br/>Chapter 9. Integration by substitution <br/>Chapter 10. Integration by parts <br/>Chapter 11. More areas and volumes <br/>Chapter 12. Approximate integration <br/>Chapter 13. Differential equations <br/>Chapter 14. More differential equations<br/>Chapter 15. Revision exercises <br/>
650 ## - SUBJECTS
Topical Term Integration
942 ## - ADDED ENTRY ELEMENTS (KOHA)
Koha item type Books
Holdings
Withdrawn status Lost status Collection code Home library Current library Shelving location Date acquired Full call number Accession Number Koha item type
    Reference Methodist University Library Main Methodist University Library Main General Stacks 21/10/2012 QA161 .N31 1651 Books
    Reference Methodist University Library Main Methodist University Library Main General Stacks 21/10/2012 QA161 .N31 1654 Books
Copyright © 2026  MUG Library